000 01238cam a2200241 4500
001 agr09002193
003 DLC
005 20260227110929.0
008 891102m18041905fr cf 00110 fre
010 _aagr09002193 //r942
040 _aDLC
_cDLC
_dDLC
050 0 0 _aS515
_b.S47 1804
082 0 0 _a630
_220
100 1 0 _aSerres, Olivier de,
_d1539-1619.
245 1 3 _aLe théâtre d'agriculture et mesnage des champs, d'Olivier de Serres, seigneur du Pradel;
_bdans lequel est représenté tout ce qui est requis et nécessaire pour bien dresser, gouverner, enrichir et embellir la maison rustique. Nouvelle éd. conforme au texte, augm. de notes et d'un vocabulaire;
_cpub. par la Société d'agriculture du Département de la Seine.
260 0 _aParis,
_bMadame Huzard,
_c1804-05.
300 _a2 v.
_bfronts. (t. 1, port.) 16 pl.
_c28 cm.
500 _a"Notice bibliographique des différentes éditions du Théâtre d'agriculture d'Olivier de Serres, par J.B. Huzard": t. 2, p.xxi-xlii.
500 _aIncludes index.
650 0 _aAgriculture
_xEarly works to 1800.
700 1 1 _aMachen, Lewis H.
_q(Lewis Henry),
_d1790-1863,
_eformer owner.
_5DLC
710 2 1 _aThomas Jefferson Library Collection Supplement (Library of Congress)
_5DLC
999 _c7715
_d7715